Rethinking Moral Status (Record no. 96254)

MARC details
000 -LEADER
fixed length control field 02455nam a2200277Ii 4500
008 - FIXED-LENGTH DATA ELEMENTS--GENERAL INFORMATION
fixed length control field 221202s xx 000 0 und d
245 #0 - TITLE STATEMENT
Title Rethinking Moral Status
264 ## - PRODUCTION, PUBLICATION, DISTRIBUTION, MANUFACTURE, AND COPYRIGHT NOTICE
Name of producer, publisher, distributor, manufacturer Oxford University Press
Date of production, publication, distribution, manufacture, or copyright notice 2021
300 ## - PHYSICAL DESCRIPTION
Extent 1 online resource
336 ## - CONTENT TYPE
Content type term text
Content type code txt
Source rdacontent
337 ## - MEDIA TYPE
Media type term computer
Media type code c
Source rdamedia
338 ## - CARRIER TYPE
Carrier type term online resource
Carrier type code cr
Source rdacarrier
520 ## - SUMMARY, ETC.
Summary, etc. Common-sense morality implicitly assumes that reasonably clear distinctions can be drawn between the 'full' moral status usually attributed to ordinary adult humans, the partial moral status attributed to non-human animals, and the absence of moral status, usually ascribed to machines and other artefacts. These assumptions were always subject to challenge; but they now come under renewed pressure because there are beings we are now able to create, and beings we may soon be able to create, which blur traditional distinctions between humans, non-human animals, and non-biological beings. Examples are human non-human chimeras, cyborgs, human brain organoids, post-humans, human minds that have been uploaded into computers and onto the internet, and artificial intelligence. It is far from clear what moral status we should attribute to any of these beings. While commonsensical views of moral status have always been questioned, the latest technological developments recast many of the questions and raise additional objections. There are a number of ways we could respond, such as revising our ordinary suppositions about the prerequisites for full moral status. We might also reject the assumption that there is a sharp distinction between full and partial moral status. The present volume provides a forum for philosophical reflection about the usual presuppositions and intuitions about moral status, especially in light of the aforementioned recent and emerging technological advances.
653 ## - INDEX TERM--UNCONTROLLED
Uncontrolled term Morality, Moral Status, Chimera, Cyborg, Human Brain Organoid, Post Human, Non-Human Animal, Artificial Intelligence
700 1# - ADDED ENTRY--PERSONAL NAME
Personal name 0000-0001-5301-3516
700 1# - ADDED ENTRY--PERSONAL NAME
Personal name 0000-0002-7734-2186
700 1# - ADDED ENTRY--PERSONAL NAME
Personal name 0000-0003-1691-6403
700 1# - ADDED ENTRY--PERSONAL NAME
Personal name 600
700 1# - ADDED ENTRY--PERSONAL NAME
Personal name 600
700 1# - ADDED ENTRY--PERSONAL NAME
Personal name 600
700 1# - ADDED ENTRY--PERSONAL NAME
Personal name Clarke, Steve
700 1# - ADDED ENTRY--PERSONAL NAME
Personal name Savulescu, Julian
700 1# - ADDED ENTRY--PERSONAL NAME
Personal name Zohny, Hazem
856 ## - ELECTRONIC LOCATION AND ACCESS
Uniform Resource Identifier <a href="https://docs.google.com/spreadsheets/d/1yKIrdCPDAG_9c22mwoOIO2DOhtj65Wqa/edit?usp=sharing&ouid=106555315294820607512&rtpof=true&sd=true ">https://docs.google.com/spreadsheets/d/1yKIrdCPDAG_9c22mwoOIO2DOhtj65Wqa/edit?usp=sharing&ouid=106555315294820607512&rtpof=true&sd=true </a>
Link text List of Curated E-Books
942 ## - ADDED ENTRY ELEMENTS (KOHA)
Koha item type E-Book

No items available.

University of Rizal System
Email us at univlibservices@urs.edu.ph

Visit our Website www.urs.edu.ph/library